000 00957nam a22002657a 4500
003 PE SENCICO BE
005 20260306163338.0
008 260217b |||||||| |||| 00| 0 eng d
020 _a978-84-96429-94-9
040 _aPE SENCICO BE
_cPE SENCICO BE
041 _aspa
082 _a728
_bL5
110 1 _aLexus editores
_988
_eautor
245 _aEdificios de apartamentos /
_cLexus Editores
250 _a[1a ed.]
260 _asin lugar :
_bLexus editores ;
_c2007
300 _a239 pƔginas :
_bilustraciones, diagramas, tablas ;
_c31 cm.,
505 0 _aApartamentos en la calle Mozart -- Apartamentos en Suiza -- Edificios de 12 viviendas -- Edificios residencial en Londres -- Edificios para 48 apartamentos
520 3 _aMuestra ilustraciones de proyectos con las ultimas tendencias
650 1 0 _aApartamentos
_9402
650 2 0 _aDecoración de interiores
_9398
650 2 0 _aMuebles
_97
910 _ahfp
942 _2ddc
_cLIB
999 _c9852
_d9852